|
|
|
|
| LEADER |
00000nab a2200000 a 4500 |
| 001 |
vtls008997811 |
| 003 |
SK-MaSNL |
| 005 |
20260303065821.0 |
| 008 |
140328c2007 xo qr|p|||||||000 b|slo |
| 015 |
|
|
|a SNBRB2007/06
|
| 038 |
|
|
|a SNKBUCL
|
| 040 |
|
|
|a SNKBUCL
|b slo
|e AACR2
|c SNKBUCL
|
| 041 |
0 |
|
|a slo
|
| 044 |
|
|
|a xo
|c SK
|
| 080 |
|
|
|a 2-051
|2 1997
|
| 080 |
|
|
|a 929 Jantausch, Pavol
|2 1997
|
| 080 |
|
|
|a 07-051
|2 1997
|
| 080 |
|
|
|a 008-051
|2 1997
|
| 100 |
1 |
|
|a Dian, Daniel,
|d 1953-
|4 aut
|9 101588
|
| 245 |
1 |
0 |
|a Mons. ThDr. Pavol Jantausch (1870-1947) - biskup, teológ, národný a ľudovýchovný pracovník, redaktor, publicista
|c Daniel Dian
|
| 504 |
|
|
|a Bibliogr. odkazy
|
| 600 |
1 |
7 |
|a Jantausch, Pavol,
|d 1870-1947
|2 snkbucl
|9 168346
|
| 773 |
0 |
|
|t Duchovný pastier
|g Roč. LXXXVIII, č. 6 (2007), s. 453-458
|x 0139-861X
|
| 852 |
|
|
|a SNK
|b KIS3GCP
|
| 958 |
|
|
|a SK
|
| 958 |
|
|
|a NB
|
| 958 |
|
|
|a NT
|
| 958 |
|
|
|a BX
|
| 999 |
|
|
|c 1752835
|d 1754765
|